000 00240nam a22001097a 4500
008 170119b xxu||||| |||| 00| 0 eng d
020 _a9780789732699
041 _aeng
080 _a618.2
245 _aNCLEX-RN
_cRINEHART, W
942 _2udc
_cBK
999 _c3158
_d3158